| 000 | 00613nam a2200193 4500 | ||
|---|---|---|---|
| 999 |
_c163746 _d163746 |
||
| 005 | 20191104135631.0 | ||
| 010 | _aB-120469 | ||
| 020 |
_a8170207711 _c00.00 |
||
| 035 | _aB-120469 | ||
| 037 | _bDBAD/PUB | ||
| 082 | _a270 | ||
| 100 | _aWazir, Muhammad Shaikh | ||
| 245 |
_aThe Prophet: _bLife of muhammad/ _cWazir Muhammad Shaikh |
||
| 260 |
_aNew Delhi _bCosmo publications _c1998 |
||
| 270 |
_a24-B,Ansari road,Darya ganj, _bNew Delhi _e110002 |
||
| 300 |
_a347p. _c21cms(hbk) |
||
| 942 |
_2ddc _cEN _h270 _mWAZ |
||